000 01055nam a2200253 a 4500
001 44972
003 BD-RjUL
005 20211209053938.0
008 160721s1990 bg ||||| |||| 00| 0 ben d
020 _c: Tk. 100.00
035 _a(BD-RjUL) 45090
040 _aBD-RjUL
_bben
_cBD-RjUL
041 _aben
082 _223
_a320.01
_bAYR 1990
100 1 _aআয়েশউদ্দিন, মুহাম্মদ
_9137823
245 1 0 _aরাষ্ট্রচিন্তা পরিচিতি :
_bপ্লেটো থেকে মার্কস /
_cমুহাম্মদ আয়েশউদ্দিন
250 _a৬ষ্ঠ সং.
260 _aরাজশাহী :
_bমৌসুমী পাবলিকেশন্স,
_c১৯৯০
300 _a[১০], ৫৬৮ পৃ. ;
_c২১ সেমি.
500 _aনির্ঘণ্ট সংযুক্ত
650 _aরাষ্ট্রবিজ্ঞান
_xইতিহাস
_9137824
650 _aPolitical science
_xHistory
_9137825
942 _2ddc
_cBK
_03
999 _c44972
_d44972